00708 2200265 4500001002100000005001700021008004100038020001800079035002400097040001200121041000800133082001400141084001400155090001600169100002000185245007000205250001100275260003200286300002700318504003100345650001300376650002300389850001200412990001800424INLIS00000000003210320171106095347.0  a979-8658-10-8 0010-111700000000105 aYOPDYOG0 aind042[23]a101 a101 Wid F aL 101 Wid F0 aWIDYASTINI, Hj.1 aFilsafat Manusia Menurut Confius dan Al Ghazalic/ Hj. Widyastuti aCet. 1 aYogyakartabParadigmac2004 aii, 121 hlm.c; 21 cm. aBibliografi : hlm. 116-121 4aFilsafat 4aIslam dan Filsafat aYOPDYOG a58092-PD/A.17